Príprava intermediátov pre syntézu chirálnych indolizidinolov
Saved in:
| Main Author: | |
|---|---|
| Other Authors: | |
| Format: | Manuscript Book |
| Language: | Slovak |
| Published: |
2018
|
| Subjects: | |
| Online Access: | http://is.stuba.sk/zp/portal_zp.pl?podrobnosti=126510 |
| Tags: |
No Tags, Be the first to tag this record!
|
MARC
| LEADER | 00000ntm a22000003a 4500 | ||
|---|---|---|---|
| 001 | stuzp69943 | ||
| 003 | SK-STU | ||
| 005 | 20180623211220.5 | ||
| 007 | ta | ||
| 008 | 150427s2015----xo-----f-mn---000-0-slo-d | ||
| 040 | |a STU |b slo | ||
| 041 | 0 | |a slo | |
| 100 | 1 | |a Cvečko, Matej |u 048140 |4 aut |U FCHPT Ústav organickej chémie, katalýzy a petrochémie |T FCHPT Oddelenie organickej chémie |X 81894 |U C8140 |Y 124 |7 81894 | |
| 242 | 0 | 1 | |a Preparation of intermediates for the synthesis of chiral indolizidinols |y eng |
| 245 | 1 | 0 | |a Príprava intermediátov pre syntézu chirálnych indolizidinolov |
| 260 | |c 2018 | ||
| 650 | 4 | |a hydroxylácia |2 slo | |
| 650 | 4 | |a stereoselektivita |2 slo | |
| 650 | 4 | |a indolizidínové alkaloidy |2 slo | |
| 650 | 4 | |a indolizidine alkaloids |2 eng | |
| 650 | 4 | |a steroselectivity |2 eng | |
| 650 | 4 | |a hydroxylation |2 eng | |
| 700 | 1 | |a Šafař, Peter |u 048140 |k Z1 |4 ths |U FCHPT Ústav organickej chémie, katalýzy a petrochémie |T FCHPT Oddelenie organickej chémie |X 3367 |U C8140 |Y 124 |7 A000003367 | |
| 856 | 4 | |u http://is.stuba.sk/zp/portal_zp.pl?podrobnosti=126510 | |